000 01048cam a2200253 i 4500
005 20251108175512.0
008 250721s2004 ua cr 000 0 ara d
020 _a9772708523
082 1 4 _a535
_bروز
100 1 _aروزنيسكى، ناتالى م
_eمؤلف.
245 1 0 _aالضوء :
_bالظلال - المرايا - أقواس قزح /
_cتأليف ناتالى م. روزنيسكي ؛ ترجمة زكريا القاضي ؛ رسوم شري بويد ؛ الاشراف العام نرمين رشاد.
264 3 1 _aالقاهرة :
_bالدار المصرية اللبنانية،
_c2004.
300 _a24 صفحة.
490 1 _aالعلوم المدهشة.
650 1 7 _aالضوء
650 1 7 _aالأطفال
653 _aأطفال مرحلة متوسطة ( 6 - 9 سنوات )
700 1 _aشيرى، بويد
_eرسام
700 1 _aالقاضي، زكريا
_eمترجم.
700 1 _aرشاد، نرمين
_eمشرف.
830 2 _aالعلوم المدهشة.
942 _2ddc
_cBK
999 _c135632
_d135632